| 000 | 00889nas a2200253 4500 | ||
|---|---|---|---|
| 001 | BR0800207 | ||
| 003 | BR-BrBNA | ||
| 005 | 20231205111435.0 | ||
| 007 | ta | ||
| 008 | 230509b bl.|||p| |||| 00| 00por d | ||
| 040 |
_aBR-BrBNA _bpor _cBiblioteca Nacional de Agricultura |
||
| 041 | _a(En) | ||
| 072 | _aL70; L73 | ||
| 100 | 1 | _aPachal, J.R. | |
| 100 | 1 | _aMargarido, T.C.C. | |
| 100 | 1 | _aLange, R.R. | |
| 100 | 1 | _aCiffornf, E.M.G | |
| 245 | 1 |
_aField trialon on chemically restraining an agouti (Dasyprocta azarae)with allometrically scaled doses of ketamine, medetomidine, and atropine _b7 Jornada de Medicina Veterinária |
|
| 650 | _aCUTIA | ||
| 650 | _aANESTESIA | ||
| 773 | 0 |
_tArquivos de Ciências Veterinárias e Zoologia da UNIPAR (Brazil) _xISSN 1415-8167 _g(Jul-Dec 2002), v. 5(2) p. 348 _wBR0800207 |
|
| 909 |
_a202311 _bLúcia _c55 _dLúcia Elande |
||
| 942 |
_2AGRIS _n0 _cANA |
||
| 999 |
_c192741 _d192741 |
||